书目信息 |
| 题名: |
花园别墅造园实例图册 4
|
|
| 作者: | 高桥一郎 , 三桥一夫 著 ;韦三立 译 | |
| 分册: | 4 树木·草坪·花卉 | |
| 出版信息: | 北京 中国建筑工业出版社 2002.11 |
|
| 页数: | 159页 | |
| 开本: | 29cm | |
| 丛书名: | ||
| 单 册: | ||
| 中图分类: | TU986.58 | |
| 科图分类: | ||
| 主题词: | 园林--规划 , 公园--绿化规划 | |
| 电子资源: | ||
| ISBN: | 7-112-05242-4 | |
| 000 | 00835nam0 2200241 45 | |
| 001 | 0261764419 | |
| 005 | 2002101817092441 | |
| 010 | @a7-112-05242-4@dRMB 68.00 | |
| 100 | @a20021018d2002 km y0chiy0120 ea | |
| 101 | 0 | @achi |
| 102 | @aCN@b110000 | |
| 200 | 1 | @a花园别墅造园实例图册 4@AHua Yuan Bie Shu Zao Yuan Shi Li Tu Ce 4@f高桥一郎,三桥一夫著@FGao Qiao Yi Lang,San Qiao Yi Fu Zhu@g韦三立等译@GWei San Li Deng Yi@h4@i树木·草坪·花卉 |
| 210 | @a北京@c中国建筑工业出版社@d2002.11 | |
| 215 | @a159页@d29cm | |
| 517 | @a树木·草坪·花卉@AShu Mu·Cao Ping·Hua Hui | |
| 606 | 0 | @a园林@x规划 |
| 606 | 0 | @a公园@x绿化规划 |
| 690 | @aTU986.58@v3 | |
| 701 | 0 | @a高桥一郎@AGao Qiao Yi Lang@4著 |
| 701 | 0 | @a三桥一夫@ASan Qiao Yi Fu@4著 |
| 702 | 0 | @a韦三立@AWei San Li@4译 |
| 801 | 0 | @aCN@bPFT@c20021018 |
| 905 | @a@dTU986.58@eS026:4 | |
| 花园别墅造园实例图册 4/高桥一郎,三桥一夫著/韦三立等译.4.树木·草坪·花卉.-北京:中国建筑工业出版社,2002.11 |
| 159页;29cm |
| ISBN 7-112-05242-4:RMB 68.00 |
| ● |
| 相关链接 |
|
|
|
正题名:花园别墅造园实例图册 4
索取号:TU986.58/S026:4
 
预约/预借
| 序号 | 登录号 | 条形码 | 馆藏地/架位号 | 状态 | 备注 |
| 1 | 371748 | 203717488 | 建筑库201/201建筑库 118排2列5层/ [索取号:TU986.58/S026:4] | 在馆 | |
| 2 | 371749 | 203717497 | 建筑库201/201建筑库 118排2列5层/ [索取号:TU986.58/S026:4] | 在馆 |